|
|
|
|
| LEADER |
00000nam0a2200000 4500 |
| 001 |
99056 |
| 005 |
20231031111537.0 |
| 035 |
|
|
|a (RuTPU)RU\TPU\book\106229
|
| 090 |
|
|
|a 99056
|
| 100 |
|
|
|a 20060627d1984 k y0rusy50 ca
|
| 101 |
0 |
|
|a rus
|
| 102 |
|
|
|a UA
|
| 105 |
|
|
|a a z 001zy
|
| 200 |
1 |
|
|a Использование кавитации в технологических процессах
|f И. М. Федоткин, А. Ф. Немчин
|
| 210 |
|
|
|a Киев
|c Вища школа
|d 1984
|
| 215 |
|
|
|a 68 с.
|c ил.
|
| 320 |
|
|
|a Библиогр.: с. 63-67.
|
| 610 |
1 |
|
|a кавитация
|
| 610 |
1 |
|
|a применение
|
| 610 |
1 |
|
|a сборники
|
| 610 |
1 |
|
|a химико-технологические процессы
|
| 675 |
|
|
|a 621.002
|v 3
|
| 700 |
|
1 |
|a Федоткин
|b И. М.
|g Игорь Михайлович
|
| 701 |
|
1 |
|a Немчин
|b А. Ф.
|g Александр Фёдорович
|
| 801 |
|
1 |
|a RU
|b 63413507
|c 20060627
|g PSBO
|
| 801 |
|
2 |
|a RU
|b 63413507
|c 20130527
|g PSBO
|
| 942 |
|
|
|c BK
|